000 00285nam a2200133Ia 4500
008 221030s9999 xx 000 0 und d
041 _aEnglish
082 _a105.23
100 _aHarmeet Singh/340
245 0 _aQUANTUM DOT CELLS
260 _aJammu
_c2004
650 _aEE
942 _cTH
999 _c269
_d269